| 000 | 00638nam a2200205Ia 4500 | ||
|---|---|---|---|
| 003 | LDD | ||
| 008 | 181029s9999 xx 000 0 und d | ||
| 020 |
_a9780415366533 _cP 26.99 |
||
| 040 | _cLDD | ||
| 100 | _aLindner,Christoph | ||
| 245 | 0 |
_aUrban space and cityscapes _bperspectives from modern and contemporary culture _cChristoph Lindner |
|
| 260 |
_aLondon _bRoutledge _c2006 |
||
| 300 | _axviii, 226 | ||
| 365 | _bP 26.99 | ||
| 440 | _aQuestioning cities series | ||
| 901 |
_a7647 _b19-09-2011 |
||
| 902 |
_aIN21748 _b22-09-2011 _cF _dSB _eFTF |
||
| 903 |
_aDiscount-15 _bReqst by : Archana Singh |
||
| 942 |
_2ddc _cBK |
||
| 999 |
_c97815 _d97815 |
||